La política y lo político en los movimiento sociales en Argentina /
Guardado en:
| Autor principal: | |
|---|---|
| Formato: | Texto |
| Materias: | |
| Etiquetas: |
Agregar Etiqueta
Sin Etiquetas, Sea el primero en etiquetar este registro!
|
MARC
| LEADER | 00000 a a2200000 04500 | ||
|---|---|---|---|
| 001 | 42361 | ||
| 003 | |||
| 040 | |||
| 100 | |a Palomino, Héctor | ||
| 245 | |a La política y lo político en los movimiento sociales en Argentina / |c Héctor Palomino; et.al. | ||
| 650 | |a MOVIMIENTOSSOCIALES | ||
| 650 | |a ASPECTOS POLITICOS | ||
| 650 | |a CONFLICTOS SOCIALES | ||
| 650 | |a ARGENTINA | ||
| 773 | |g páginas 330-366 | ||
| 999 | |c 33371 |d 33371 | ||
